[Event "IM"]
[Site "Panevezys LTU"]
[Date "2008.08.14"]
[Round "4"]
[White "Bucinskas,V"]
[Black "Tsiganova,M"]
[Result "1-0"]
[WhiteElo "2341"]
[BlackElo "2241"]

1.e4 c5 2.Nf3 d6 3.d4 cxd4 4.Nxd4 Nf6 5.Nc3 a6 6.f3 e5 7.Nb3 Be6 8.Be3 Be7
9.Qd2 Nbd7 10.O-O-O O-O 11.g4 b5 12.g5 b4 13.Ne2 Ne8 14.f4 a5 15.Kb1 exf4
16.Nxf4 Bxg5 17.Rg1 Bxf4 18.Bxf4 Qb6 19.Nd4 Ne5 20.Qg2 Ng6 21.Bg5 a4 22.h4 Kh8
23.Bb5 Rg8 24.h5 Ne5 25.Bxe8 Raxe8 26.h6 Bg4 27.hxg7+ Kxg7 28.Nf5+ Kg6 29.Bf4 h5
30.Rxd6+ Qxd6 31.Nxd6 Re6 32.Bxe5 Rxe5 33.Qf2 f6 34.Qa7  1-0

[Event "IV RC Sport Open"]
[Site "Ceska Trebova CZE"]
[Date "2008.08.15"]
[Round "9"]
[White "Grandelius,N"]
[Black "Plischki,S"]
[Result "0-1"]
[WhiteElo "2366"]
[BlackElo "2402"]

1.e4 c5 2.Nf3 d6 3.d4 cxd4 4.Nxd4 Nf6 5.Nc3 a6 6.f3 e6 7.Be3 b5 8.Qd2 Bb7
9.g4 Nbd7 10.g5 Nh5 11.O-O-O Rc8 12.a3 g6 13.Be2 Ne5 14.f4 Nc4 15.Bxc4 Rxc4
16.Rhf1 Qc8 17.Nde2 Be7 18.f5 O-O 19.f6 Bd8 20.Qxd6 Bc7 21.Qd2 Bxh2 22.Nf4 Bxf4
23.Bxf4 Bxe4 24.Bd6 Re8 25.Bb4 Bf5 26.Rh1 Qc7 27.Bd6 Qb7 28.Be7 Rg4 29.Rh2 h6
30.gxh6 Kh7 31.Kb1 a5 32.Ne2 b4 33.Nd4 bxa3 34.Bxa3 Rd8 35.Qe3 Nxf6 36.Rhd2 Nd5
37.Qf3 Rc8 38.Ka1 Rf4 39.Qg3 Bg4 40.Re1 g5 41.Qd3+ Bf5 42.Nxf5 Rxf5 43.Qe4 Rc7
44.Qd4 Nf6 45.Qd6 Qc8 46.Red1 Rxc2 47.Rxc2 Qxc2 48.Rg1 Qf2 49.Rb1 Ne4 50.Qf8 Qd4
51.Rc1 Nd2 52.Qb8 a4 53.Re1 g4 54.Qc7 Nc4 55.Rxe6 Qd1+ 56.Ka2 Qb3+ 57.Kb1 Rf1+
58.Re1 Rxe1+  0-1

[Event "XXI Virxe Peregrina Open"]
[Site "Pontevedra ESP"]
[Date "2008.08.16"]
[Round "7"]
[White "Espineira Gonzalez,D"]
[Black "Devesa Raris,V"]
[Result "1-0"]
[WhiteElo "2267"]
[BlackElo "1909"]

1.e4 c5 2.Nf3 d6 3.d4 cxd4 4.Nxd4 Nf6 5.Nc3 a6 6.f3 e5 7.Nb3 Be6 8.Be3 Nbd7
9.Qd2 h5 10.Nd5 Bxd5 11.exd5 Qc7 12.c4 a5 13.Be2 g6 14.O-O Bg7 15.Rac1 b6
16.Na1 Nc5 17.Nc2 h4 18.Na3 h3 19.g3 e4 20.Nb5 Qd7 21.Bf4 O-O 22.Nxd6 Nd3
23.Bxd3 exd3 24.Ne4 Nh5 25.Bh6 Bd4+ 26.Be3 Bg7 27.Qxd3 f5 28.Ng5 Rfe8 29.Rfe1 Qd6
30.f4 Bxb2 31.Rb1 Qf6 32.Re2 Rxe3 33.Rxe3 Bd4 34.Ne6 Bxe3+ 35.Qxe3 Re8 36.Qd4 Qf7
37.Rxb6 Qa7 38.c5 Rc8 39.Qb2 Qd7 40.Rb7 Qxd5 41.Rg7+  1-0

[Event "U16 Olympiad"]
[Site "Mersin TUR"]
[Date "2008.08.18"]
[Round "2"]
[White "Firat,B"]
[Black "Rosenthal,Jon"]
[Result "1-0"]
[WhiteElo "2219"]
[BlackElo "2248"]

1.e4 c5 2.Nf3 d6 3.d4 cxd4 4.Nxd4 Nf6 5.Nc3 a6 6.f3 e5 7.Nb3 Be6 8.Be3 Nbd7
9.Qd2 b5 10.O-O-O Rc8 11.Kb1 Be7 12.g4 Nb6 13.Qf2 Nfd7 14.Nd5 Bxd5 15.exd5 O-O
16.h4 Nc4 17.Bc1 Qc7 18.g5 f5 19.gxf6 Bxf6 20.Bd3 b4 21.Qe2 Rf7 22.Qe4 Nf8
23.Rhg1 a5 24.Rg4 Nb6 25.Nxa5 Nbd7 26.Nc6 Nc5 27.Qxb4 Ra8 28.Be3 Ra4 29.Qb5 Rxg4
30.fxg4 Nxd3 31.Qxd3 Bxh4 32.a4  1-0

[Event "23rd Open"]
[Site "Schwarzach AUT"]
[Date "2008.08.18"]
[Round "3"]
[White "Grandelius,N"]
[Black "Palac,M"]
[Result "0-1"]
[WhiteElo "2366"]
[BlackElo "2587"]

1.e4 c5 2.Nf3 d6 3.d4 cxd4 4.Nxd4 Nf6 5.Nc3 a6 6.f3 e6 7.Be3 b5 8.Qd2 b4
9.Na4 Nbd7 10.O-O-O Qa5 11.b3 Bb7 12.a3 Qc7 13.axb4 d5 14.c4 dxe4 15.Kb2 g6
16.Be2 exf3 17.Bxf3 Bg7 18.Bh6 O-O 19.Bxg7 Kxg7 20.Rhe1 e5 21.Bxb7 Qxb7 22.Nc2 Rad8
23.Qe2 e4 24.g4 Qb8 25.Ka3 Qf4 26.Nc3 Ne5 27.Rxd8 Rxd8 28.g5 Qxg5 29.Nxe4 Nxe4
30.Qxe4 Ng4 31.c5 a5 32.h3 Nf2 33.Qc4 Nd3 34.Rf1 axb4+ 35.Nxb4 Ra8+ 36.Na6 Rxa6+
37.Qxa6 Qxc5+ 38.b4 Qc3+ 39.Ka2 Qb2+  0-1

[Event "Jessie Gilbert Celebration Int"]
[Site "Coulsdon ENG"]
[Date "2008.08.19"]
[Round "4"]
[White "Rudd,J"]
[Black "Josse,Mar"]
[Result "1-0"]
[WhiteElo "2345"]
[BlackElo "2006"]

1.e4 c5 2.Nf3 d6 3.d4 cxd4 4.Nxd4 Nf6 5.Nc3 a6 6.f3 e5 7.Nb3 Be6 8.g4 Be7
9.Be3 d5 10.g5 d4 11.gxf6 Bxf6 12.Nd5 Bxd5 13.exd5 dxe3 14.Qd3 Bh4+ 15.Ke2 Bf2
16.Nc5 Nd7 17.Ne4 O-O 18.c4 f5 19.Nxf2 exf2 20.Qe3 e4 21.f4 Nf6 22.Bh3 Ng4
23.Bxg4 fxg4 24.Rhf1 Qf6 25.Rab1 Qxf4 26.Qxf4 Rxf4 27.Rxf2 Raf8 28.Rxf4 Rxf4
29.Ke3 g5 30.c5 Kf7 31.b4 Kf6 32.c6 bxc6 33.dxc6 Ke5 34.Rc1 Rf3+ 35.Ke2 Rf8
36.a4 Kd6 37.b5 axb5 38.axb5 Kc7 39.Ke3 Rb8 40.Rc5 h6 41.Kxe4 Kb6 42.Rc2 Rd8
43.Ke5 Kc7 44.b6+ Kxb6 45.c7  1-0

[Event "U16 Olympiad"]
[Site "Mersin TUR"]
[Date "2008.08.19"]
[Round "4"]
[White "Csiba,D"]
[Black "Gaehwiler,G"]
[Result "1-0"]
[WhiteElo "2157"]
[BlackElo "2095"]

1.e4 c5 2.Nf3 d6 3.d4 cxd4 4.Nxd4 Nf6 5.Nc3 a6 6.Be3 Ng4 7.Bc1 Nf6 8.f3 e5
9.Nb3 Be6 10.Be3 Nbd7 11.Qd2 Be7 12.O-O-O O-O 13.g4 b5 14.g5 b4 15.Ne2 Ne8
16.f4 a5 17.f5 a4 18.fxe6 axb3 19.exf7+ Rxf7 20.Kb1 Nc5 21.Nc1 Kh8 22.cxb3 Nc7
23.Bc4 Rf3 24.Bxc5 dxc5 25.Qg2 Qf8 26.Rd7 Bd8 27.Rhd1  1-0

[Event "U16 Olympiad"]
[Site "Mersin TUR"]
[Date "2008.08.20"]
[Round "5"]
[White "Firat,B"]
[Black "Kottahachchy,K"]
[Result "1/2-1/2"]
[WhiteElo "2219"]
[BlackElo "1967"]

1.e4 c5 2.Nf3 d6 3.d4 cxd4 4.Nxd4 Nf6 5.Nc3 a6 6.f3 e5 7.Nb3 Be6 8.Be3 Be7
9.Qd2 O-O 10.O-O-O b5 11.Nd5 Bxd5 12.exd5 Nbd7 13.Na5 Qc7 14.Nc6 Bd8 15.Kb1 Nb6
16.Bxb6 Qxb6 17.c4 bxc4 18.Bxc4 a5 19.Qc2 Nd7 20.g4 Bh4 21.g5 Nc5 22.Rhg1 f6
23.gxf6 Bxf6 24.h4 e4 25.fxe4 Nxe4 26.Ka1 a4 27.a3 Qc5 28.Kb1 Nc3+ 29.bxc3 Qxc4
30.Rg3 Rab8+ 31.Nb4 Qxh4 32.Rgd3 Rfc8 33.Rg1 Qc4 34.Rh3 Qxd5 35.Qxh7+ Kf8
36.Qc2 Qe5 37.Rgg3 Kg8 38.Re3 Qf4 39.Qd2 Qf5+ 40.Ka2 Rb5 41.Rhf3 Qg5 42.Rg3 Qf5
43.Rgf3 Qh5 44.Qe2 Qf7+ 45.Ka1 Rg5 46.Re6 Rg1+ 47.Kb2 Qg6 48.Qe4 Qg2+ 49.Qe2 Qg6
50.Qe4 Qg2+ 51.Qe2 Qg6 52.Qe4  1/2-1/2

[Event "44th Rubinstein Mem Open A"]
[Site "Polanica Zdroj POL"]
[Date "2008.08.20"]
[Round "2"]
[White "Rudnicki,M"]
[Black "Szwed,J"]
[Result "1/2-1/2"]
[WhiteElo "2197"]
[BlackElo "2319"]

1.e4 c5 2.Nf3 d6 3.d4 cxd4 4.Nxd4 Nf6 5.Nc3 a6 6.f3 e5 7.Nb3 Be7 8.Be3 Be6
9.Qd2 O-O 10.O-O-O a5 11.Kb1 a4 12.Nc1 a3 13.b3 Ra5 14.Na4 Rxa4 15.bxa4 d5
16.exd5 Nxd5 17.Bc4 Bb4 18.Qxb4 Nxb4 19.Rxd8 Rxd8 20.Bxe6 fxe6 21.Nb3 Nd5
22.Bd2 Nc6 23.Re1 Nb6 24.Re4 Kf7  1/2-1/2

[Event "44th Rubinstein Mem Open A"]
[Site "Polanica Zdroj POL"]
[Date "2008.08.20"]
[Round "2"]
[White "Gosciniak,M"]
[Black "Gralka,J"]
[Result "0-1"]
[WhiteElo "2096"]
[BlackElo "2268"]

1.e4 c5 2.Nf3 d6 3.d4 cxd4 4.Nxd4 Nf6 5.Nc3 a6 6.f3 e5 7.Nb3 Be6 8.Be3 Nbd7
9.Qd2 Be7 10.g4 b5 11.a4 b4 12.Nd5 Bxd5 13.exd5 Nb6 14.Bxb6 Qxb6 15.g5 Nh5
16.a5 Qb7 17.Ra4 Rb8 18.Bc4 Nf4 19.Rg1 O-O 20.Nc1 Rfc8 21.Bb3 Rc5 22.Nd3 Nxd3+
23.Qxd3 Rxa5 24.Rg4 Rxa4 25.Bxa4 a5 26.h4 Rf8 27.Ke2 Bd8 28.Qb5 Qxb5+ 29.Bxb5 Bb6
30.b3 g6 31.Kd3 Kg7 32.Ke2 h6 33.Bd3 hxg5 34.hxg5 Rh8 35.Be4 Rh5 36.Kd3 Bd8
37.Kc4 Bxg5 38.Rg1 Be3 39.Re1 Bc5 40.Kb5 f5 41.Bd3 Kf6 42.Kxa5 Rh4 43.Kb5 Rf4
44.Rf1 g5 45.Be2 e4 46.fxe4 Rxf1 47.Bxf1 fxe4 48.Kc4 Ke5 49.Be2 Kf4 50.c3 bxc3
51.Kxc3 g4 52.b4 Bxb4+ 53.Kxb4 g3 54.Bf1 e3  0-1

[Event "5th DA Tan Malaysian Open"]
[Site "Kuala Lumpur MAS"]
[Date "2008.08.22"]
[Round "8"]
[White "Masters,C"]
[Black "Szuveges,N"]
[Result "1/2-1/2"]
[WhiteElo "1842"]
[BlackElo "1841"]

1.e4 c5 2.Nf3 d6 3.d4 cxd4 4.Nxd4 Nf6 5.Nc3 a6 6.f3 e6 7.Be3 Be7 8.Qd2 O-O
9.O-O-O b5 10.g4 Qc7 11.h4 Rd8 12.Nb3 Nc6 13.h5 Ne5 14.g5 Nfd7 15.Qg2 Nc4
16.Bf2 Bb7 17.g6 fxg6 18.Qh3 gxh5 19.Qxe6+ Kf8 20.Rxh5 Nf6 21.Rh1 Rac8 22.Bxc4 Qxc4
23.Nd4 Re8 24.Qxc4 Rxc4 25.Nf5 Rd8 26.Rhg1 g6 27.Nxe7 Kxe7 28.Bh4 Ke6 29.Bg5 Rd7
30.Bxf6 Kxf6 31.Nd5+ Bxd5 32.Rxd5 Rc5 33.Rgd1 a5 34.R5d2 h5 35.Rg2 a4 36.a3 Re7
37.Rd3 h4 38.c3  1/2-1/2

[Event "XIII Konik Morski Open A"]
[Site "Rewal POL"]
[Date "2008.08.22"]
[Round "3"]
[White "Butkiewicz,L"]
[Black "Kucypera,M"]
[Result "1-0"]
[WhiteElo "2284"]
[BlackElo "2081"]

1.e4 c5 2.Nf3 d6 3.d4 cxd4 4.Nxd4 Nf6 5.Nc3 a6 6.f3 e5 7.Nb3 Be6 8.Be3 Nc6
9.Nd5 Bxd5 10.exd5 Ne7 11.c4 g6 12.Bd3 Bg7 13.O-O O-O 14.Qd2 Re8 15.Rac1 b5
16.cxb5 Nfxd5 17.Bf2 Nf4 18.Ra1 d5 19.bxa6 Nf5 20.Bxf5 gxf5 21.Bg3 Ng6 22.Nc5 e4
23.fxe4 fxe4 24.Rae1 Ne5 25.b4 Nc4 26.Qf4 Qe7 27.Bh4 Qa7 28.Kh1 Ne5 29.Qf5 Ng6
30.Bf6 Bxf6 31.Qxf6 Rab8 32.Nb7 Rxb7 33.axb7 Qxb7 34.Qd4 Qd7 35.a4 f5 36.Rd1 Rd8
37.g3 Qe6 38.a5 Ne5 39.Qb6 Rd6 40.Qb8+ Kg7 41.Qa7+ Rd7 42.Qd4 Kg8 43.a6 Nc6
44.Qe3 d4 45.Qg5+ Rg7 46.Qxf5 Qxf5 47.Rxf5 e3 48.b5 e2 49.Ra1 d3  1-0

[Event "23rd Open"]
[Site "Schwarzach AUT"]
[Date "2008.08.24"]
[Round "9"]
[White "Smith,Ax"]
[Black "Womacka,M"]
[Result "1-0"]
[WhiteElo "2427"]
[BlackElo "2436"]

1.e4 c5 2.Nf3 d6 3.d4 cxd4 4.Nxd4 Nf6 5.Nc3 a6 6.f3 e5 7.Nb3 Be6 8.Be3 Be7
9.Qd2 O-O 10.O-O-O a5 11.Bb5 Na6 12.Qe2 Nc7 13.Nc5 Nxb5 14.Qxb5 Qc8 15.Nxe6 fxe6
16.Rd2 a4 17.Nxa4 Qc6 18.Qxc6 bxc6 19.b3 d5 20.exd5 exd5 21.Kb1 e4  1-0

[Event "8th Open"]
[Site "Velika Gorica CRO"]
[Date "2008.08.25"]
[Round "4"]
[White "Purgar,I"]
[Black "Frank,V"]
[Result "1-0"]
[WhiteElo "2026"]
[BlackElo "2268"]

1.e4 c5 2.Nf3 d6 3.d4 cxd4 4.Nxd4 Nf6 5.Nc3 a6 6.f3 e6 7.Be3 Be7 8.Qd2 Qc7
9.g4 b5 10.O-O-O O-O 11.h4 Nc6 12.h5 Nxd4 13.Bxd4 b4 14.Ne2 e5 15.Be3 Be6
16.Kb1 Rfc8 17.g5 Nd7 18.Nc1 Nb6 19.g6 fxg6 20.hxg6 hxg6 21.Bxb6 Qxb6 22.Bh3 Bxh3
23.Qd5+ Kf8 24.Rxh3  1-0

[Event "8th Open"]
[Site "Velika Gorica CRO"]
[Date "2008.08.26"]
[Round "5"]
[White "Urukalovic,R"]
[Black "Ivekovic,Z"]
[Result "0-1"]
[WhiteElo "2276"]
[BlackElo "2177"]

1.e4 c5 2.Nf3 d6 3.d4 cxd4 4.Nxd4 Nf6 5.Nc3 a6 6.f3 e5 7.Nb3 Be6 8.Be3 Be7
9.Qd2 O-O 10.O-O-O a5 11.Qe1 Qc8 12.a4 Na6 13.Kb1 Nb4 14.g4 Ne8 15.h4 b5
16.Qf2 bxa4 17.Nxa4 Qc6 18.Nc3 Nc7 19.Bb6 Rfb8 20.Bxc7 Qxc7 21.Bb5 Qb7 22.Ba4 Na6
23.Nd5 Bd8 24.c3 Bd7 25.Bxd7 Qxd7 26.Nc1 Nc5 27.Na2 Rb3 28.g5 Rab8 29.Qxc5 Rxb2+
30.Ka1 Qa4  0-1

[Event "X Sants Open"]
[Site "Barcelona ESP"]
[Date "2008.08.27"]
[Round "6"]
[White "Rios Parra,M"]
[Black "Aroshidze,L"]
[Result "0-1"]
[WhiteElo "2349"]
[BlackElo "2547"]

1.e4 c5 2.Nf3 d6 3.d4 cxd4 4.Nxd4 Nf6 5.Nc3 a6 6.f3 e6 7.Be3 b5 8.Qd2 Nbd7
9.O-O-O Bb7 10.g4 Nb6 11.g5 Nfd7 12.h4 b4 13.Nb1 d5 14.Bh3 Nc4 15.Qe2 Qa5
16.b3 Nxe3 17.Qxe3 dxe4 18.h5 O-O-O 19.g6 Bc5 20.gxf7 Qb6 21.f4 Nf6 22.c3 Kb8
23.Qg3 Bxd4 24.cxd4 Qc7+ 25.Kb2 Nxh5 26.Qg5 Nxf4 27.Qxg7 e3 28.Rhg1 e2  0-1

[Event "XLII Open"]
[Site "Mislata ESP"]
[Date "2008.08.27"]
[Round "3"]
[White "Tournier,Math"]
[Black "Abreu Delgado,A"]
[Result "0-1"]
[WhiteElo "2253"]
[BlackElo "2502"]

1.e4 c5 2.Nf3 d6 3.d4 cxd4 4.Nxd4 Nf6 5.Nc3 a6 6.f3 e5 7.Nb3 Be6 8.Be3 h5
9.Qd2 Nbd7 10.Nd5 Bxd5 11.exd5 Qc7 12.O-O-O g6 13.Kb1 Bg7 14.c4 b6 15.Bd3 Nc5
16.Rhe1 O-O 17.h3 Rfe8 18.f4 exf4 19.Bxf4 Nfe4 20.Bxe4 Rxe4 21.Rxe4 Nxe4
22.Qc2 Re8 23.Re1 f5 24.Rc1 Qe7 25.Bh2 Nc5 26.g4 hxg4 27.hxg4 Qf6 28.gxf5 gxf5
29.Bg1 Re4 30.Rf1 Rxc4 31.Bd4 Rxd4 32.Nxd4 Qxd4 33.Rxf5 Qg1+ 34.Qc1 Qxc1+
35.Kxc1 Nd3+ 36.Kc2 Nxb2 37.Rf4 b5 38.Re4 Kf7 39.Kb3 Na4 40.Rf4+ Ke7 41.Rg4 Be5
42.Rg1 Nc3 43.Re1 Nxd5 44.a4 Kd7 45.axb5 axb5 46.Re4 Kc6  0-1

[Event "44th Rubinstein Mem Open A"]
[Site "Polanica Zdroj POL"]
[Date "2008.08.27"]
[Round "9"]
[White "Rudnicki,M"]
[Black "Kadziolka,B"]
[Result "0-1"]
[WhiteElo "2197"]
[BlackElo "2313"]

1.e4 c5 2.Nf3 d6 3.d4 cxd4 4.Nxd4 Nf6 5.Nc3 a6 6.f3 e5 7.Nb3 Be6 8.Be3 Be7
9.Qd2 O-O 10.O-O-O Qc7 11.g4 Rc8 12.Kb1 d5 13.exd5 Nxd5 14.Nxd5 Bxd5 15.Bg2 a5
16.Na1 Be6 17.f4 Bxg4 18.Rdf1 Bf5 19.fxe5 Be6 20.Rhg1 Nc6 21.Be4 g6 22.Bf4 Bxa2+
23.Kc1 Be6 24.h4 Rd8 25.Qe3 Bxh4 26.Rh1 Be7 27.Rh2 Nb4 28.Rfh1 h5 29.Rg2 Qd7
30.Bg5 Bxg5 31.Qxg5 Qd1+  0-1

[Event "44th Rubinstein Mem Open A"]
[Site "Polanica Zdroj POL"]
[Date "2008.08.27"]
[Round "9"]
[White "Gosciniak,M"]
[Black "Jaroch,P"]
[Result "0-1"]
[WhiteElo "2096"]
[BlackElo "2255"]

1.e4 c5 2.Nf3 d6 3.d4 cxd4 4.Nxd4 Nf6 5.Nc3 a6 6.f3 e5 7.Nb3 Be7 8.Be3 Be6
9.Qd2 O-O 10.O-O-O Qc7 11.Qf2 Nbd7 12.g4 Rfc8 13.Kb1 b5 14.g5 Ne8 15.h4 b4
16.Nd5 Bxd5 17.exd5 a5 18.Bh3 a4 19.Nc1 Rcb8 20.h5 Nb6 21.b3 Ra5 22.Bxb6 Qxb6
23.Qg2 Nc7 24.g6 Nxd5 25.gxf7+ Kf8 26.Rxd5 Rxd5 27.Bf5 Qe3 28.h6 g5 29.bxa4 e4
30.Bxe4 Bf6 31.Nd3 Qd4 32.Kc1 Qa1+ 33.Kd2 Qc3+ 34.Kd1 Rd4 35.Bxh7 Rc8 36.Rg1 Qa1+
37.Kd2 Qc3+ 38.Kd1 Qa1+ 39.Kd2 Qxa2 40.Rc1 b3 41.Ke3 b2 42.Nxb2 Qxb2  0-1

[Event "2nd Open"]
[Site "Urumia IRI"]
[Date "2008.08.29"]
[Round "6"]
[White "Dehghan,M"]
[Black "Askerov,M"]
[Result "0-1"]
[WhiteElo "1990"]
[BlackElo "2195"]

1.e4 c5 2.Nf3 d6 3.d4 cxd4 4.Nxd4 Nf6 5.Nc3 a6 6.f3 e5 7.Nb3 Be6 8.Be3 Nbd7
9.g4 b5 10.g5 b4 11.Nd5 Nxd5 12.exd5 Bf5 13.Bd3 Bxd3 14.Qxd3 Be7 15.h4 O-O
16.O-O-O a5 17.Kb1 a4 18.Nd2 Qa5 19.Qf5 Nc5 20.Bxc5 Qxc5 21.Ne4 Qc4 22.Nf6+ Bxf6
23.gxf6 b3 24.cxb3 axb3 25.a3 Rxa3 26.bxa3 Qe2 27.Kc1 Qa2 28.Rd2 Qa1+ 29.Qb1 Rc8+  0-1

[Event "8th Open"]
[Site "Velika Gorica CRO"]
[Date "2008.08.29"]
[Round "8"]
[White "Cesmadziski,T"]
[Black "Raguz,Dari"]
[Result "0-1"]
[WhiteElo "1973"]
[BlackElo "2124"]

1.e4 c5 2.Nf3 d6 3.d4 cxd4 4.Nxd4 Nf6 5.Nc3 a6 6.f3 e5 7.Nb3 Be6 8.Be3 h5
9.Qd2 Nbd7 10.O-O-O Be7 11.h4 Qc7 12.Kb1 Rb8 13.Qf2 b5 14.Nd5 Bxd5 15.exd5 Nb6
16.Bxb6 Qxb6 17.Qxb6 Rxb6 18.Na5 Kd7 19.Bd3 Rc8 20.Bf5+ Kd8 21.Bxc8 Kxc8
22.c3 Kd7 23.g4 hxg4 24.fxg4 Nxg4 25.Nc6 Ne3 26.Rd3 Nxd5 27.Nxe5+ dxe5 28.Rxd5+ Ke6
29.Rdd1 f5 30.h5 Bg5 31.Rdg1 Kf6 32.Rg2 Be3 33.Rg6+ Kf7 34.Rxb6 Bxb6 35.Kc2 Be3
36.Kd3 Bg5 37.b3 Ke6 38.c4 e4+ 39.Kd4 Bf6+ 40.Ke3 Ke5 41.cxb5 f4+ 42.Ke2 f3+
43.Kf2 axb5 44.h6 gxh6 45.Rxh6 Bg5 46.Rh8 Kf4 47.Rf8+ Kg4 48.Rg8 e3+ 49.Kf1 b4
50.Ke1 Kf5 51.Rh8 Bf6 52.Re8 Bc3+ 53.Kd1 e2+ 54.Rxe2 fxe2+ 55.Kxe2 Ke4 56.Kd1 Kd3
57.Kc1 Be5 58.a4 bxa3 59.Kb1 Kc3 60.Ka2 Kb4  0-1

[Event "7th Open"]
[Site "Izmir TUR"]
[Date "2008.09.04"]
[Round "7"]
[White "Yuksel,A"]
[Black "Yilmaz,M"]
[Result "0-1"]
[WhiteElo "1936"]
[BlackElo "2362"]

1.e4 c5 2.Nf3 d6 3.d4 cxd4 4.Nxd4 Nf6 5.Nc3 a6 6.f3 e5 7.Nb3 Be7 8.Be3 Be6
9.Qd2 O-O 10.O-O-O a5 11.Bb5 Na6 12.g4 Qb8 13.Bb6 Nc7 14.Nxa5 Rc8 15.Kb1 Nxb5
16.Nxb5 Ra6 17.Be3 Bxa2+ 18.Kxa2 b6 19.Kb1 Rxa5 20.Qb4 Qa8 21.Na3 Ra4 22.Qd2 d5
23.g5 Bxa3  0-1

[Event "TCh-SRB 1st League"]
[Site "Subotica SRB"]
[Date "2008.09.11"]
[Round "10"]
[White "Dudukovic,N"]
[Black "Aleksic,Nen1"]
[Result "0-1"]
[WhiteElo "2180"]
[BlackElo "2371"]

1.e4 c5 2.Nf3 d6 3.d4 cxd4 4.Nxd4 Nf6 5.Nc3 a6 6.f3 e6 7.Be3 b5 8.Qd2 Nbd7
9.O-O-O Bb7 10.g4 Nb6 11.h4 Be7 12.g5 Nfd7 13.h5 Ne5 14.b3 Rc8 15.Nb1 Nxf3
16.Nxf3 Bxe4 17.Be2 Nd5 18.Bd4 Bxf3 19.Bxf3 Bxg5 20.Bxd5 Bxd2+ 21.Rxd2 exd5
22.h6 Rg8 23.hxg7 Qg5 24.Rg1 Qh6 25.Nc3 Rxc3 26.Bxc3 f6 27.Re1+ Kd7 28.Kb2 Rxg7
29.Rxd5 Re7 30.Red1 Re6 31.Bb4 Qf8 32.Rh5 h6 33.Bc3 Kc6 34.Rf1 Qg7 35.Rf2 b4
36.Bd2 f5+ 37.c3 Re5 38.Kc2 Qg3 39.Rhh2 Qg6 40.Rxh6 Qg3 41.Rhh2 bxc3 42.Bf4 Qg4
43.Bxe5 dxe5 44.Kxc3 f4 45.Rd2 Qg7 46.Kc2 Qg6+ 47.Kb2 f3 48.Rh1 e4 49.Rc1+ Kb6
50.Rc3 Qf6 51.Kc2 f2  0-1

[Event "XXV Aniversario"]
[Site "Parla ESP"]
[Date "2008.09.13"]
[Round "8"]
[White "Castejon Caballero,A"]
[Black "Garcia Ruiz Fuentes,A"]
[Result "1-0"]
[WhiteElo "1993"]
[BlackElo "2056"]

1.e4 c5 2.Nf3 d6 3.d4 cxd4 4.Nxd4 Nf6 5.Nc3 a6 6.f3 e5 7.Nb3 Be6 8.Be3 Nbd7
9.Qd2 b5 10.g4 Nb6 11.Qf2 Nc4 12.Bxc4 bxc4 13.Nd2 d5 14.exd5 Nxd5 15.Nxd5 Bxd5
16.O-O Qc8 17.Rfe1 c3 18.bxc3 Qxc3 19.Bd4 Qxc2 20.Rxe5+ Be6 21.Rae1 Qxa2
22.f4 Bd6 23.R5e2 Qd5 24.f5 O-O 25.fxe6 fxe6 26.Qe3 Bf4 27.Qe4 Bxd2 28.Rxd2 Qg5
29.Rf2 a5 30.Ref1 Qd5 31.Qxd5 exd5 32.Rxf8+ Rxf8 33.Rxf8+ Kxf8 34.Kf2 Kf7
35.h4 g6 36.Kf3 Ke6 37.Kf4 a4 38.Kg5 Kd6 39.Kh6 a3 40.Kxh7 Kc6 41.Kxg6 Kb5
42.Kf5 Kc4 43.Ke5 a2 44.h5 a1=Q 45.Bxa1 d4 46.Bxd4  1-0

[Event "4th ch-EU"]
[Site "Liverpool ENG"]
[Date "2008.09.17"]
[Round "9"]
[White "Arakhamia,K"]
[Black "Motoc,A"]
[Result "1-0"]
[WhiteElo "2448"]
[BlackElo "2303"]

1.e4 c5 2.Nf3 d6 3.d4 cxd4 4.Nxd4 Nf6 5.Nc3 a6 6.f3 e5 7.Nb3 Be6 8.Be3 Be7
9.Qd2 O-O 10.O-O-O b5 11.g4 Nbd7 12.Rg1 b4 13.Nd5 Bxd5 14.exd5 Nb6 15.Na5 Nfxd5
16.Nc6 Qc7 17.Nxe7+ Qxe7 18.Bxb6 Nxb6 19.Qxb4 Qa7 20.Bd3 d5 21.g5 d4 22.Qe1 Rfe8
23.Qe4 g6 24.h4 Na4 25.Qc6 Nc5 26.Bc4 Rac8 27.Qd6 Rcd8 28.Qf6 Qc7 29.h5 Ne6
30.hxg6 hxg6 31.Rh1 Ng7 32.Bxf7+ Qxf7 33.Rh8+ Kxh8 34.Qxf7  1-0

[Event "Open"]
[Site "Yuzhny UKR"]
[Date "2008.09.21"]
[Round "2"]
[White "Andreev,Ed UKR"]
[Black "Miljutin,O"]
[Result "1-0"]
[WhiteElo "2455"]
[BlackElo "2167"]

1.e4 c5 2.Nf3 d6 3.d4 cxd4 4.Nxd4 Nf6 5.Nc3 a6 6.f3 e5 7.Nb3 Be6 8.Be3 b5
9.Qd2 Nbd7 10.O-O-O Be7 11.g4 Nb6 12.g5 Nh5 13.Na5 Qc7 14.Nd5 Nxd5 15.exd5 Bd7
16.Kb1 O-O 17.c4 Nf4 18.h4 Rfb8 19.Rc1 b4 20.Bxf4 Qxa5 21.Be3 Qc7 22.Bd3 a5
23.h5 Rf8 24.f4 exf4 25.Bxf4 Qb8 26.c5  1-0

[Event "EYb12"]
[Site "Herceg Novi MNE"]
[Date "2008.09.22"]
[Round "7"]
[White "Yuksel,A"]
[Black "Codenotti,M"]
[Result "0-1"]
[WhiteElo "1936"]
[BlackElo "2055"]

1.e4 c5 2.Nf3 d6 3.d4 cxd4 4.Nxd4 Nf6 5.Nc3 a6 6.f3 e6 7.Be3 b5 8.Qd2 Nbd7
9.O-O-O Nb6 10.g4 Bb7 11.Qf2 Nfd7 12.Kb1 b4 13.Nce2 d5 14.Nf4 Rc8 15.Nfxe6 fxe6
16.Nxe6 Qf6 17.exd5 Bxd5 18.Bxa6 Qxe6 19.Bxb6 Bxa2+ 20.Ka1 Ra8 21.Rhe1 Rxa6
22.Rxe6+ Bxe6+ 23.Kb1 Nxb6 24.Qe2 Nc4 25.f4 Be7 26.f5 O-O 27.fxe6 Rfa8 28.c3 b3  0-1

[Event "17th CRO-chT 1b"]
[Site "Sibenik CRO"]
[Date "2008.09.27"]
[Round "1"]
[White "Zufic,M"]
[Black "Mrdja,M"]
[Result "1-0"]
[WhiteElo "2429"]
[BlackElo "2409"]

1.e4 c5 2.Nf3 d6 3.d4 cxd4 4.Nxd4 Nf6 5.Nc3 a6 6.f3 e5 7.Nb3 Be7 8.Be3 h5
9.Qd2 Be6 10.O-O-O Nbd7 11.Kb1 Qc7 12.f4 Rc8 13.Bd3 b5 14.h3 h4 15.Nd5 Bxd5
16.exd5 Nxd5 17.Bf5 Nxe3 18.Qxe3 exf4 19.Qe4 Rd8 20.Nd4 Ne5 21.Qxf4 O-O 22.g3 Bf6
23.gxh4 Rfe8 24.Rhg1 Kf8 25.h5 Nc4 26.h6 g5 27.Rxg5 Qc5 28.h7 Bxd4 29.Be6 Rxe6
30.Rxc5 dxc5 31.h8=Q+  1-0

[Event "ch-Commonwealth"]
[Site "Nagpur IND"]
[Date "2008.10.01"]
[Round "5"]
[White "Gusain,H"]
[Black "Ophoff,J"]
[Result "0-1"]
[WhiteElo "2108"]
[BlackElo "2275"]

1.e4 c5 2.Nf3 d6 3.d4 cxd4 4.Nxd4 Nf6 5.Nc3 a6 6.f3 e5 7.Nb3 Be6 8.Be3 Be7
9.Qd2 O-O 10.O-O-O Nbd7 11.g4 Qc7 12.h4 b5 13.g5 Nh5 14.Bh3 b4 15.Nd5 Bxd5
16.exd5 a5 17.Bg4 a4 18.Na1 Nf4 19.Bxf4 exf4 20.Bxd7 Qxd7 21.Qxb4 Rab8 22.Qd2 Qb5
23.c3 Bd8 24.Rh2 Ba5 25.Qd3 Qb7 26.Rc2 Bb6 27.Kb1 Be3 28.c4 Rfc8 29.h5 Qe7
30.Qf5 Re8 31.g6 fxg6 32.hxg6 h6 33.Qd3 Qf6 34.Rc3 Bc5 35.Nc2 Re5 36.Kc1 Rg5
37.Nd4 Rg2 38.Rc2 Rxc2+ 39.Kxc2 Bxd4 40.Qxd4 Qxg6+ 41.Qe4 Qg2+ 42.Rd2 Rxb2+
43.Kxb2 Qxd2+ 44.Kb1 Qe3 45.Qf5 a3 46.Qc8+ Kf7 47.Qd7+ Qe7 48.Qf5+ Qf6 49.Qd7+ Qe7
50.Qf5+ Qf6 51.Qd7+ Kg6 52.Qg4+ Kh7 53.Qg2 Qg6+ 54.Qc2 Qxc2+ 55.Kxc2 Kg6
56.Kd3 Kf6 57.Kd4 g5 58.c5 dxc5+ 59.Kxc5 Ke7 60.Kc6 Kd8  0-1

[Event "ch-Commonwealth"]
[Site "Nagpur IND"]
[Date "2008.10.02"]
[Round "6"]
[White "Ishwar,R"]
[Black "Santhosbaala,R"]
[Result "0-1"]
[WhiteElo "1741"]
[BlackElo "1915"]

1.e4 c5 2.Nf3 d6 3.d4 cxd4 4.Nxd4 Nf6 5.Nc3 a6 6.f3 Qb6 7.Nb3 e6 8.Be2 Nc6
9.Bg5 Bd7 10.Qd2 Rc8 11.O-O-O Be7 12.Kb1 Ne5 13.Bxf6 gxf6 14.g4 a5 15.f4 Nc4
16.Bxc4 Rxc4 17.h4 a4 18.Nc1 Kd8 19.f5 Kc8 20.b3 axb3 21.cxb3 Kb8 22.Qb2 Rc7
23.Rd3 Rhc8 24.N1e2 Qf2 25.Qd2 Rxc3 26.Rxc3 Rxc3 27.Qxc3 Qxe2 28.Qc4 Qxg4
29.Rc1 Bc6 30.fxe6 Qxe4+ 31.Qxe4 Bxe4+ 32.Kb2 fxe6 33.Rg1 f5 34.h5 f4 35.Rg8+ Ka7
36.Kc1 Bf6  0-1

[Event "ch-Commonwealth"]
[Site "Nagpur IND"]
[Date "2008.10.02"]
[Round "6"]
[White "Teenu,T"]
[Black "Gusain,H"]
[Result "0-1"]
[WhiteElo "1859"]
[BlackElo "2108"]

1.e4 c5 2.Nf3 d6 3.d4 cxd4 4.Nxd4 Nf6 5.Nc3 a6 6.f3 e5 7.Nb3 Be6 8.Be3 Nbd7
9.Qd2 Qc7 10.g4 Nb6 11.g5 Nfd7 12.O-O-O Nc4 13.Bxc4 Bxc4 14.Nd5 Bxd5 15.Qxd5 Be7
16.h4 O-O 17.f4 Rfc8 18.Rh2 a5 19.a3 a4 20.Na1 Ra5 21.Qd3 Qc4 22.Qxc4 Rxc4
23.Bd2 Ra6 24.Re2 Nc5 25.fxe5 Nd3+ 26.Kb1 Nxe5 27.Bf4 Nf3 28.Rh1 Bf8 29.c3 d5
30.Rd1 dxe4 31.Bg3 Ra8 32.Nc2 Re8 33.Ne3 Rc6 34.Ng4 h6 35.Nh2 Nxh2 36.Bxh2 hxg5
37.hxg5 e3 38.Rd4 Rc5 39.Bf4 Rb5 40.Kc2 Rf5 41.Rxe3 Rxe3 42.Bxe3 Bc5 43.Rd8+ Kh7
44.Bd2 Kg6 45.Rd7 b5 46.Rb7 Bf2 47.c4 bxc4 48.Rb4 Rc5 49.Rxa4 Bh4 50.Kc3 Bxg5
51.Bxg5 Rxg5 52.Rxc4 Ra5 53.Kd4 f5 54.Ke3 Kh5 55.Rc3 g5 56.b4 f4+ 57.Kf3 Rf5
58.Rc4 Rf8 59.Rc1 g4+ 60.Kg2 Rd8 61.Rc5+ Kh4 62.Rc2 f3+ 63.Kf2 Rf8 64.Rc4 Kh3
65.Rc3 g3+ 66.Kg1 f2+ 67.Kf1 Kh2  0-1

[Event "ch-Commonwealth"]
[Site "Nagpur IND"]
[Date "2008.10.05"]
[Round "10"]
[White "Mehar,C"]
[Black "Devangi,P"]
[Result "1-0"]
[WhiteElo "2240"]
[BlackElo "2028"]

1.e4 c5 2.Nf3 d6 3.d4 cxd4 4.Nxd4 Nf6 5.Nc3 a6 6.f3 e5 7.Nb3 Be7 8.Be3 Be6
9.Qd2 O-O 10.O-O-O a5 11.a4 Na6 12.g4 Nb4 13.Kb1 Qc8 14.g5 Nh5 15.Qf2 f5
16.gxf6 Nxf6 17.Rg1 Rf7 18.Bg5 Ng4 19.Qd2 Bxg5 20.Qxg5 Rxf3 21.Be2 Rxc3 22.bxc3 Qxc3
23.Qd2 Qc6 24.Bxg4 Bf7 25.Kb2 Qxa4 26.Ra1 Qb5 27.Qxd6 Nxc2 28.Be6 Nd4 29.Bxf7+ Kh8
30.Rg3 a4  1-0